| 000 | 00497nam a2200181 a 4500 | ||
|---|---|---|---|
| 001 | 1773825107408 | ||
| 003 | YourLibrary | ||
| 005 | 20260318144535.0 | ||
| 008 | 260318s2015##################000#0#eng## | ||
| 020 | _a9781632423580 | ||
| 082 | 0 | 4 | _a362.3WIL |
| 100 | 1 |
_aWilson, Harvey, _eauthor. |
|
| 245 | 1 | 0 | _aResearches in Intellectual and Developmental Disabilities : |
| 260 | _c2015. | ||
| 650 | 0 | _aDevelopmental disabilities. | |
| 942 | _cENGLISH | ||
| 040 |
_aYourLibrary _beng _cYourLibrary |
||
| 999 |
_c617865 _d617865 |
||